000 01268nam a22003737a 4500
003 CHAP
005 20220329141252.0
008 971010s1928 r 00010 d
010 _a65469
011 _a66441
035 _a74552
040 _cCHAP
090 _aTesis
100 0 0 _aAnzures Ruiz, Carlos.
_96182
245 _aCosto de producción del azúcar de caña y la manera de reducirlo
260 _aChapingo, Méx. :
_bEl autor,
_c1928
300 _a56 h.
_b: ilus.
502 _aTesis (Ing. Agrónomo) -- ENA. Departamento de Industrias Agrícolas
590 _aALEPH
_b10
_c20130110
_lUCH01
_h1357
590 _aBATCH-UPD
_b10
_c20130110
_lUCH01
_h2152
590 _aBATCH-UPD
_b10
_c20130410
_lUCH01
_h1500
590 _aBATCH-UPD
_b10
_c20130914
_lUCH01
_h0511
590 _aBATCH-UPD
_b10
_c20130914
_lUCH01
_h2144
590 _aCONVERSION
_b10
_c20130109
_lUCH01
_h1336
650 1 4 _aAzúcar
_xAspectos económicos.
_99135
650 1 4 _aAzúcar
_xCostos de producción.
_99149
901 _aBK
942 _cFOLL
949 _bBC
_cTES
_d-62155
_eTS1
_i74552
_si
949 _bBC
_cTES
_d-62156
_eTS2
_fc.2
_i74552
_si
949 _bBC
_cTES
_d-62157
_eTS2
_fc.3
_i74552
_si
949 _bIA
_cTES
_d-66100
_eTS2
_fc.2
_i74552
_si
949 _bIA
_cTES
_d-7422
_eTS1
_i74552
_si
999 _c65469
_d65469